000 01051cam a2200157 4500500
005 20251228060111.0
041 _afre
042 _adc
100 1 0 _aVacher-Neill, Nicole
_eauthor
245 0 0 _aLes toc de l’enfant et de l’adolescent, Michel Botbol avec la collaboration d’Isabelle de Paillette, Paris, Solar, 2005, 245 p., coll. « Réponses à vos questions sur… »
260 _c2005.
500 _a22
520 _aRésumé Enquête portant sur 111 personnes ayant repris leurs études après un parcours scolaire décevant ou mal orienté et parvenant à obtenir au minimum un diplôme de l’enseignement supérieur. Leur entourage les déclarait incapables, nuls, inaptes aux études. Pourtant ces élèves sont parvenus à obtenir des diplômes à Bac + 4 par une mise en œuvre de conditions sociales et de dynamiques affectives.
786 0 _nEnfances & Psy | 28 | 3 | 2005-03-01 | p. 161a-164a | 1286-5559
856 4 1 _uhttps://shs.cairn.info/revue-enfances-et-psy-2005-3-page-161a?lang=fr&redirect-ssocas=7080
999 _c1586951
_d1586951